Noem de top 25 grootste eilanden - Sudden death - Statistieken

Algemene statistieken
  • Deze quiz is 18 keer genomen
  • De gemiddelde score is 8 van 25
Answers on the Grid
Answers color-coded by a green-red scale on the quiz's grid according to % correct below.
Sri Lanka
Bankseiland
Mindanao
IJsland
Luzon
Cuba
Cyprus
Borneo
Madagaskar
Newfoundland
Groenland
Java
Nieuw-Guinea
Zuidereiland
Kreta
Groot-Brittannië
Baffin
Malediven
Ierland
Noordereiland
Hokkaido
Texel
Hispaniola
Sardinië
Victoria
Honshū
Sumatra
Ellesmere
Sulawesi
Sachalin
 
Antwoordstatistieken
Antwoord % Correct
IJsland
75%
Cuba
67%
Madagaskar
67%
Sri Lanka
67%
Groot-Brittannië
58%
Groenland
50%
Hokkaido
42%
Java
42%
Newfoundland
42%
Borneo
33%
Hispaniola
33%
Nieuw-Guinea
33%
Sulawesi
33%
Zuidereiland
33%
Honshū
25%
Noordereiland
25%
Bankseiland
17%
Baffin
17%
Ierland
17%
Sachalin
17%
Sumatra
17%
Ellesmere
8%
Luzon
8%
Mindanao
8%
Victoria
8%
Geen overeenkomende quizzen gevonden
Scoreverdeling
Procent van Mensen met Elke Score
Percentiel versus Aantal Correcte Antwoorden
Uw Scoregeschiedenis
U heeft deze quiz nog niet genomen